[Event "Honved"]
[Site "Budapest"]
[Date "1991.??.??"]
[Round "10"]
[White "Stern, Rene"]
[Black "Petran, Pal"]
[Result "1-0"]
[WhiteElo "2360"]
[BlackElo "2425"]

1.d4 Nf6 2.c4 e6 3.Nf3 b6 4.g3 Ba6 5.b3 Bb4+ 6.Bd2 Be7 7.Bg2 c6 8.Bc3 d5
9.Nbd2 Nbd7 10.O-O Rc8 11.Re1 c5 12.dxc5 bxc5 13.cxd5 exd5 14.Bh3 O-O 15.Qc2 d4
16.Bb2 Nd5 17.a3 Rc7 18.Rac1 Re8 19.Bf1 Bf6 20.e4 Bxf1 21.Nxf1 Nc3 22.Bxc3 dxc3
23.Ne3 Nb6 24.e5 Bxe5 25.Nxe5 Rxe5 26.Qxc3 f6 27.Red1 Qe8 28.Rd6 Rd7 29.Rcd1 Rxd6
30.Rxd6 Nc8 31.Qc4+ Kh8 32.Rd5 Rxd5 33.Qxd5 Qf8 34.Qa8 h6 35.a4 Qe8 36.Qb7 Qf8
37.a5 Kh7 38.Qd7 Kh8 39.Nf5 Kh7 40.h4 h5 41.Nxg7 Qxg7 42.Qxc8 Qe7 43.Qf5+ Kh6
44.Qf4+ Kg6 45.Qe3 Qd6 46.Qe4+ Kh6 47.Kg2 a6 48.Qf5 Qc6+ 49.Qf3 Qd6 50.Kf1 Kg6
51.Qe4+ Kh6 52.Ke2 Kg7 53.Qb7+ Kg6 54.Kf1 Qd3+ 55.Kg2 c4 56.bxc4 Qxc4 57.Qb1+ Kg7
58.Qf5 Qe2 59.Qd5 Kg6 60.Qb7 Qc4 61.Qb6 Qe4+ 62.Kh2 Qd3 63.Qe3 Qxe3 64.fxe3 f5
65.Kh3 Kf6  1-0

[Event "Cansys GM-Nov"]
[Site "Budapest"]
[Date "1991.??.??"]
[Round "10"]
[White "Kochyev, Alexander"]
[Black "Lengyel, Levente"]
[Result "1/2-1/2"]
[WhiteElo "2500"]
[BlackElo "2380"]

1.d4 Nf6 2.c4 e6 3.Nf3 b6 4.g3 Ba6 5.b3 Bb4+ 6.Bd2 Be7 7.Bc3 c6 8.Bg2 O-O
9.O-O d5 10.Nbd2 Nbd7 11.Re1  1/2-1/2

[Event "Buenos Aires Konex"]
[Site "Buenos Aires"]
[Date "1991.??.??"]
[Round "3"]
[White "Loiterstein, Mariano"]
[Black "Ricardi, Pablo"]
[Result "0-1"]
[WhiteElo "2340"]
[BlackElo "2435"]

1.d4 Nf6 2.Nf3 e6 3.c4 b6 4.g3 Ba6 5.b3 Bb4+ 6.Bd2 Be7 7.Bg2 c6 8.O-O O-O
9.Bc3 d5 10.Nbd2 Nbd7 11.Qc2 Rc8 12.e4 c5 13.Rac1 dxc4 14.bxc4 cxd4 15.Bxd4 Bc5
16.Bb2 Be7 17.Rfd1 Qc7 18.Qb1 Rfd8 19.Nd4 Qb8 20.h3 Ne5 21.Bf1 Bb4 22.N2f3 Nxf3+
23.Nxf3 Be7 24.Ne5 Bb7 25.Bg2 Qa8 26.Re1 Bc5 27.Ng4 Nxg4 28.hxg4 Rd2 29.Rf1 Rcd8
30.Bc3 R2d3 31.Rfe1 Rxg3 32.Qb2 Rxg4 33.Qe2 f5  0-1

[Event "JUG-chT Cetinje"]
[Site "Cetinje"]
[Date "1991.??.??"]
[Round "1"]
[White "Ilic, Zoran"]
[Black "Averkin, Orest N"]
[Result "1/2-1/2"]
[WhiteElo "2395"]
[BlackElo "2470"]

1.d4 Nf6 2.Nf3 e6 3.c4 b6 4.g3 Ba6 5.b3 Bb7 6.Bg2 Bb4+ 7.Bd2 Be7 8.Nc3 d5
9.cxd5 exd5 10.O-O O-O 11.Qc2 Na6 12.Rad1 Re8 13.Bf4 Bf8 14.Ne5 c6 15.Qb2  1/2-1/2

[Event "JUG-chT Cetinje"]
[Site "Cetinje"]
[Date "1991.??.??"]
[Round "2"]
[White "Razuvaev, Yuri S"]
[Black "Ivanovic, Bozidar"]
[Result "1/2-1/2"]
[WhiteElo "2585"]
[BlackElo "2535"]

1.d4 Nf6 2.c4 e6 3.Nf3 b6 4.g3 Ba6 5.b3 Bb4+ 6.Bd2 Be7 7.Bg2 c6 8.Bc3 d5
9.Ne5 Nfd7 10.Nxd7 Nxd7 11.Nd2 O-O 12.O-O b5 13.Re1 bxc4 14.bxc4 Nb6 15.c5 Nc4
16.e4 Nxd2 17.Qxd2 Bc4 18.Rab1 Qd7 19.Rb4 Rfb8 20.Reb1 Qc8 21.exd5 exd5 22.a3 Rxb4
23.axb4 Qf5 24.Re1 Bg5 25.Qd1 Bf6 26.h4 h5 27.Re3 Kf8 28.Qe1 Qd7 29.Kh2 Re8
30.Bh3 Qd8 31.Qd2 Rxe3 32.Qxe3 g6 33.Qf4 Bb5 34.Bd2 Ke7 35.Be3 a6 36.Kg1 a5
37.bxa5 Qxa5 38.Kh2  1/2-1/2

[Event "JUG-chT Cetinje"]
[Site "Cetinje"]
[Date "1991.??.??"]
[Round "6"]
[White "Ristic, Nenad"]
[Black "Kurajica, Bojan"]
[Result "0-1"]
[WhiteElo "2365"]
[BlackElo "2520"]

1.d4 Nf6 2.c4 e6 3.Nf3 b6 4.g3 Ba6 5.Qa4 c6 6.Nc3 d5 7.cxd5 b5 8.Qb3 exd5
9.Ne5 Qb6 10.Be3 Bd6 11.Bh3 O-O 12.Rd1 Qa5 13.Rd2 b4 14.Qa4 Qc7 15.Nb1 Ne4
16.Rd1 Bb5 17.Qc2 Bxe5 18.dxe5 Qxe5 19.Bg2 Re8 20.O-O Nd7 21.a4 b3 22.Qc1 Bxe2
23.Qxc6 Bxf1 24.Bxf1 Ndf6 25.Bd4 Qh5 26.Rc1 Ng4 27.h3 Ne5 28.Bxe5 Qxe5 29.Nc3 Rac8
30.Qb5 Nxf2  0-1

[Event "JUG-chT Cetinje"]
[Site "Cetinje"]
[Date "1991.??.??"]
[Round "8"]
[White "Ilic, Zoran"]
[Black "Dizdarevic, Emir"]
[Result "1/2-1/2"]
[WhiteElo "2395"]
[BlackElo "2505"]

1.d4 Nf6 2.Nf3 e6 3.c4 b6 4.g3 Ba6 5.b3 Bb7 6.Bg2 Bb4+ 7.Bd2 c5 8.O-O O-O
9.dxc5 Bxc5 10.Nc3 Be7 11.Bf4 Na6 12.Bd6 Nc5 13.Rc1 Nce4 14.Nxe4 Nxe4 15.Bxe7 Qxe7
16.Qd4 Nf6 17.Rfd1 Rfd8 18.Ne5  1/2-1/2

[Event "Cheliabinsk-A"]
[Site "Cheliabinsk"]
[Date "1991.??.??"]
[Round "?"]
[White "Magerramov, Elmar"]
[Black "Ikonnikov, Vyacheslav"]
[Result "1-0"]
[WhiteElo "2560"]
[BlackElo "2480"]

1.d4 Nf6 2.c4 e6 3.Nf3 b6 4.g3 Ba6 5.b3 Bb4+ 6.Bd2 Bxd2+ 7.Qxd2 O-O 8.Nc3 d5
9.cxd5 exd5 10.Bg2 Re8 11.Ne5 Bb7 12.O-O Nbd7 13.f4 Qe7 14.Rac1 a6 15.e3 Rad8
16.Qf2 c5 17.h3 cxd4 18.exd4 Rc8 19.Qe3 Qd6 20.g4 Nf8 21.g5 N6d7 22.Qf2 Rc7
23.Ne2 Rxc1 24.Rxc1 f6 25.gxf6 Nxf6 26.Ng3 Rc8 27.Re1 Rc7 28.Kh2 Bc8 29.Bf1 Qa3
30.Bd3 Rc1 31.Re2 Rc3 32.Re3 Rc7 33.f5 Qd6 34.Qf4 Bb7 35.Re2 Rc3 36.Rg2 Rc7
37.Qh4 Qe7 38.Nh5 Nxh5 39.Qxh5 Qf6 40.Qg4 Bc8 41.Qf4 Ne6 42.Qf3 Ng5 43.Qxd5+ Kf8
44.Bc4 Bxf5 45.Qg8+ Ke7 46.Rxg5 Qxg5 47.Qf7+ Kd6 48.Qf8+ Qe7 49.Qxf5 Qf6
50.Qe4 h5 51.Ng6 Qf2+ 52.Kh1 Rxc4 53.Qe7+ Kd5 54.Qd7+ Ke4 55.Qe6+ Kxd4 56.Qxc4+ Ke3
57.Qc3+ Ke4 58.Qe5+  1-0

[Event "Cheliabinsk-A"]
[Site "Cheliabinsk"]
[Date "1991.??.??"]
[Round "?"]
[White "Atalik, Suat"]
[Black "Kiselev, Sergey"]
[Result "1/2-1/2"]
[WhiteElo "2435"]
[BlackElo "2510"]

1.d4 Nf6 2.Nf3 e6 3.c4 b6 4.g3 Ba6 5.b3 Bb7 6.Bg2 Bb4+ 7.Bd2 c5 8.O-O O-O
9.dxc5 Bxc5 10.Nc3 Be7 11.Qc2 d6 12.Rfd1 a6 13.Ng5 Bxg2 14.Kxg2 Nbd7 15.Nce4 h6
16.Nxf6+ Nxf6 17.Ne4 Qc7 18.Nxf6+ Bxf6 19.Bc3 Bxc3 20.Qxc3 b5 21.Rac1 Rfd8
22.Qf3 Qb6 23.cxb5 Qxb5 24.Rxd6 Rxd6 25.Qxa8+ Kh7 26.Rc4 Qa5 27.Qf8 Rd7 28.Rg4 f5
29.Qe8 Qd5+ 30.e4 Qb7 31.Qg6+ Kh8 32.Rf4 Rd6 33.Kh3 Qd7 34.e5 Rd4 35.Rxd4 Qxd4
36.f4 Qd1 37.b4 Qf1+ 38.Kh4 Qe2 39.h3 Qxa2 40.Kh5 Qe2+ 41.g4 fxg4 42.Qe8+ Kh7
43.Qg6+ Kh8  1/2-1/2

[Event "Cheliabinsk-A"]
[Site "Cheliabinsk"]
[Date "1991.??.??"]
[Round "?"]
[White "Ionov, Sergey"]
[Black "Atalik, Suat"]
[Result "1-0"]
[WhiteElo "2510"]
[BlackElo "2435"]

1.d4 Nf6 2.c4 e6 3.Nf3 b6 4.g3 Ba6 5.b3 Bb4+ 6.Bd2 Be7 7.Bg2 c6 8.Bc3 d5
9.Nbd2 Nbd7 10.O-O O-O 11.Re1 c5 12.e4 dxc4 13.Nxc4 Bb7 14.Qd3 cxd4 15.Nxd4 Nc5
16.Qc2 Rc8 17.Nb5 a6 18.Rad1 axb5 19.Rxd8 Rfxd8 20.Nxb6 Rc6 21.Nd5 exd5 22.exd5 Nxd5
23.Bxd5 Rxd5 24.Rxe7 Rc8 25.Qe2 Nd7 26.Re8+ Nf8 27.Rxc8 Bxc8 28.Qe8 Bd7 29.Qb8 Rc5
30.Bb2 Rc2 31.Ba3 Rc8 32.Qb7 Rc2 33.f3 Bh3 34.Bxf8 Rg2+ 35.Kf1 Rb2+ 36.Ke1 Kxf8
37.a4 Bg2 38.Qxb5 Bxf3 39.Qc5+  1-0

[Event "Cheliabinsk-A"]
[Site "Cheliabinsk"]
[Date "1991.??.??"]
[Round "?"]
[White "Ionov, Sergey"]
[Black "Ikonnikov, Vyacheslav"]
[Result "1-0"]
[WhiteElo "2510"]
[BlackElo "2480"]

1.d4 Nf6 2.c4 e6 3.Nf3 b6 4.g3 Ba6 5.b3 Bb4+ 6.Bd2 Be7 7.Bg2 c6 8.Bc3 d5
9.Nbd2 Nbd7 10.O-O O-O 11.Re1 Bb7 12.e4 Nxe4 13.Nxe4 dxe4 14.Rxe4 c5 15.Re3 Bf6
16.dxc5 Bxc3 17.Rxc3 Nxc5 18.b4 Ne4 19.Rd3 Qf6 20.Qe1 Rad8 21.Rad1 Rxd3 22.Rxd3 Rd8
23.Rxd8+ Qxd8 24.Ng5 Qxg5 25.Bxe4 Bxe4 26.Qxe4 g6 27.Kg2 Qe7 28.a3 Qc7 29.h4 h5
30.Kf1 a5 31.Qd4 axb4 32.axb4 f6 33.Qxf6 Qxc4+ 34.Kg1 Kh7 35.Qe7+ Kh6 36.Qf8+ Kh7
37.Qe7+ Kh6 38.Qd8 Qc1+ 39.Kh2 Qb2 40.Qxb6 e5 41.Qc5 Kg7 42.b5 Kf6 43.b6 g5
44.Qf8+ Ke6 45.hxg5  1-0

[Event "Cheliabinsk-A"]
[Site "Cheliabinsk"]
[Date "1991.??.??"]
[Round "?"]
[White "Ionov, Sergey"]
[Black "Kiselev, Sergey"]
[Result "1/2-1/2"]
[WhiteElo "2510"]
[BlackElo "2510"]

1.d4 Nf6 2.c4 e6 3.Nf3 b6 4.g3 Ba6 5.b3 Bb7 6.Bg2 Bb4+ 7.Bd2 c5 8.O-O O-O
9.Bxb4 cxb4 10.a3 bxa3 11.Nxa3 d5 12.Ne5 Nc6 13.Nxc6 Bxc6 14.b4 Qe7 15.c5 Bd7
16.Qc2 Rfc8 17.Rfc1 bxc5 18.bxc5 e5 19.e3 e4 20.Rab1 Rab8 21.Bf1 Bc6 22.Nb5 Bxb5
23.Bxb5 h5 24.Ba6 Rxb1 25.Rxb1 Rc7 26.Rb8+ Kh7 27.Qb3 Qd7 28.Qb5 Qh3 29.Qf1 Qd7
30.Qb5 Qh3 31.Qf1 Qd7  1/2-1/2

[Event "Cheliabinsk-B"]
[Site "Cheliabinsk"]
[Date "1991.??.??"]
[Round "?"]
[White "Temirbaev, Serik"]
[Black "Shipov, Sergei"]
[Result "1/2-1/2"]
[WhiteElo "2435"]
[BlackElo "2450"]

1.d4 Nf6 2.c4 e6 3.Nf3 b6 4.g3 Ba6 5.b3 d5 6.Bg2 Bb4+ 7.Bd2 Be7 8.Bc3 O-O
9.O-O Nbd7 10.Nbd2 c5 11.Re1 Rc8 12.cxd5 Nxd5 13.Bb2 N7f6 14.Rc1 cxd4 15.Nxd4 Qd7
16.Nc4 Bb4  1/2-1/2

[Event "Chiasso op"]
[Site "Chiasso"]
[Date "1991.??.??"]
[Round "?"]
[White "Gheorghiu, Florin"]
[Black "Contini, Luca"]
[Result "1-0"]
[WhiteElo "2495"]
[BlackElo "2330"]

1.d4 Nf6 2.c4 e6 3.Nf3 b6 4.g3 Ba6 5.b3 Bb7 6.Bg2 Bb4+ 7.Bd2 a5 8.O-O O-O
9.Bc3 d5 10.cxd5 Bxd5 11.a3 Be7 12.Nbd2 c5 13.dxc5 bxc5 14.Qc2 Nbd7 15.Rfd1 a4
16.bxa4 Bc6 17.a5 Nd5 18.Nc4 Ba4 19.Qxa4 Nxc3 20.Qxd7 Nxd1 21.Rxd1 Bf6 22.Nfe5 Bxe5
23.Bxa8 Qxa8 24.Nxe5 Qxa5 25.Nc4  1-0

[Event "Chiasso op"]
[Site "Chiasso"]
[Date "1991.??.??"]
[Round "?"]
[White "Gheorghiu, Florin"]
[Black "Illi, Hans Joerg"]
[Result "1/2-1/2"]
[WhiteElo "2495"]
[BlackElo "2275"]

1.d4 e6 2.Nf3 Nf6 3.c4 b6 4.g3 Ba6 5.b3 Bb4+ 6.Bd2 Be7 7.Nc3 d5 8.cxd5 exd5
9.Bg2 O-O 10.O-O Re8 11.Rc1 Bb7 12.Bf4 Na6 13.Ne5 c6 14.Re1 Rc8 15.Bh3 Rc7
16.Ng4 Bd6 17.Bxd6 Qxd6 18.Nxf6+ Qxf6 19.e3 Rce7 20.Bg2 Nc7 21.Re2 Ne6 22.Rd2 Ng5
23.h4 Ne4 24.Nxe4 dxe4 25.b4 Rd7 26.a4 Qe7 27.Qb3 g6 28.Rdc2 Kg7 29.Bf1 a6
30.a5 b5 31.Rc5 f6 32.Bh3 f5 33.Bf1 h5 34.Be2 Qe6 35.Qxe6 Rxe6 36.R1c3 Kf6
37.f3 exf3 38.Bxf3 Rdd6 39.Kf2 Ke7 40.Rc1 Ke8 41.Bd1 Kf8 42.Bf3 Ke7 43.Rd1 Kf6
44.Ke2 Re7 45.Kd3 Ree6 46.Rdc1 Ke7 47.e4 fxe4+ 48.Bxe4 Kf6 49.Ke3 Rd5 50.Kd3 Rdd6
51.Rg5 Kg7 52.Rcc5 Rf6 53.g4 hxg4 54.h5 Bc8 55.Rxg6+ Rxg6 56.hxg6 Kh6 57.Bxc6 Bf5+
58.Rxf5 Rxc6 59.d5 Rc1 60.Rf4 Kxg6 61.Rxg4+ Kf5 62.Rh4 Ke5  1/2-1/2

[Event "Chiasso op"]
[Site "Chiasso"]
[Date "1991.??.??"]
[Round "9"]
[White "Nemet, Ivan"]
[Black "Summermatter, Daniel"]
[Result "1/2-1/2"]
[WhiteElo "2450"]
[BlackElo "2320"]

1.d4 Nf6 2.Nf3 e6 3.c4 b6 4.g3 Ba6 5.Nbd2 Bb7 6.Bg2 c5 7.e4 cxd4 8.e5 Ng4
9.O-O Qc7 10.Re1 h5 11.h3 Nh6 12.Ne4 Nf5 13.Bf4 Bxe4 14.Rxe4 Nc6 15.a3 a5
16.Qa4 Ra7 17.Rd1 Bc5 18.Ne1 Nfe7 19.Nd3 Ng6 20.Rde1 h4 21.Bd2 hxg3 22.fxg3 Nce7
23.Qd1 a4 24.Qf3 d6 25.Rf1 O-O 26.Qh5 dxe5 27.Nxe5 Bd6 28.Nxg6 Nxg6 29.Rg4 Qxc4
30.Be4 Rc7 31.Rh4 f5 32.Qxg6 Rf6 33.Qh7+ Kf7 34.Bf3 Bf8 35.Bg5 Ke7 36.Bxf6+ Kxf6
37.Bh5 Ke7 38.Qg6 Kd6 39.Qe8 Be7 40.Rd1 Bxh4 41.gxh4 d3 42.Qd8+ Rd7 43.Qxb6+ Ke7
44.Bf3 e5 45.Bc6 Qd4+ 46.Qxd4 Rxd4 47.Bxa4 Rxa4 48.Rxd3 Ke6 49.b4 e4 50.Rb3 Ra8
51.b5 Kd5 52.b6 Kc6 53.a4 Kb7 54.Rb5 Rxa4 55.Rxf5 Kxb6 56.Kf2  1/2-1/2

[Event "Chiasso op"]
[Site "Chiasso"]
[Date "1991.??.??"]
[Round "11"]
[White "Nemet, Ivan"]
[Black "Huss, Andreas"]
[Result "1/2-1/2"]
[WhiteElo "2450"]
[BlackElo "2340"]

1.d4 e6 2.Nf3 Nf6 3.c4 b6 4.g3 Ba6 5.Nbd2 Bb4 6.Qc2 Bb7 7.Bg2 Be4 8.Qb3 Bxd2+
9.Bxd2 O-O 10.O-O d6 11.Qe3 a5 12.Bc3 Nbd7 13.Bh3 Re8 14.Nd2 Bb7 15.b3 c5
16.dxc5 bxc5 17.Rfd1 d5 18.Bxf6 Qxf6 19.cxd5 exd5 20.Qf4 Qxf4 21.gxf4 Nf6
22.e3 d4 23.Nc4 Bf3 24.Re1 Ne4 25.Bg2 Bxg2 26.Kxg2 f5 27.exd4 cxd4 28.Rad1 Red8
29.f3 Nc3 30.Rd2 Ra6 31.Re5 Nd5 32.Kf2 Nxf4 33.Rxf5 Ng6 34.Rxa5 Rf6 35.Rg5 Nf4
36.Rb5 d3 37.Ne5 Re6 38.a4 Rde8 39.Ke3 g5 40.Kd4 Rd8+ 41.Ke4 Rde8 42.Kd4 Rd8+
43.Kc4 Rc8+ 44.Kb4 Rc2 45.Rd1 d2 46.Nc4 Nd3+ 47.Ka5 Re2 48.Rxg5+ Kf7 49.Rd5 Nc1
50.Kb4 Na2+ 51.Kc5 Nc1 52.Kb4 Na2+ 53.Kc5 Nc1 54.Kb4 Na2+ 55.Kc5 Nc1 56.Kb4 Na2+
57.Kc5  1/2-1/2

[Event "Capablanca mem"]
[Site "Cienfuegos"]
[Date "1991.??.??"]
[Round "6"]
[White "Neverov, Valeriy"]
[Black "Rodriguez, Amador"]
[Result "1-0"]
[WhiteElo "2540"]
[BlackElo "2500"]

1.d4 Nf6 2.c4 e6 3.Nf3 b6 4.g3 Ba6 5.b3 Bb7 6.Bg2 Bb4+ 7.Bd2 Be7 8.O-O O-O
9.Nc3 Na6 10.Qc2 d5 11.Ne5 c5 12.dxc5 bxc5 13.Rad1 Nb4 14.Qb1 Qb8 15.Nd3 d4
16.Na4 Bxg2 17.Kxg2 Qb7+ 18.f3 Nxd3 19.exd3 e5 20.Rde1 Bd6 21.Kg1 Rfe8 22.Qd1 Qc6
23.Qe2 h6 24.Qg2 Re6 25.Re2 Rae8 26.Rfe1 Nd7 27.f4 Qxg2+ 28.Kxg2 exf4 29.Rxe6 Rxe6
30.Rxe6 fxe6 31.gxf4 Kf7 32.a3 Kf6 33.b4 Kf5 34.Kf3 e5 35.fxe5 Nxe5+ 36.Ke2 Nd7
37.h3 g5 38.bxc5 Nxc5 39.Nxc5 Bxc5 40.Bb4 Bb6 41.Bd6 Ke6 42.c5 Bd8 43.Kf3 h5
44.Ke4 Bf6 45.Bg3 Kd7 46.Kd5 a6 47.c6+ Kc8 48.Ke6 Bd8 49.Kf5 g4 50.hxg4 hxg4
51.Kxg4 Bc7 52.Bh4 a5 53.a4 Bh2  1-0

[Event "Copenhagen op"]
[Site "Copenhagen"]
[Date "1991.??.??"]
[Round "6"]
[White "Novikov, Igor A"]
[Black "Hellers, Ferdinand"]
[Result "1/2-1/2"]
[WhiteElo "2545"]
[BlackElo "2550"]

1.d4 Nf6 2.c4 e6 3.Nf3 b6 4.g3 Ba6 5.b3 Bb4+ 6.Bd2 Be7 7.Bg2 c6 8.Bc3 d5
9.Ne5 Nfd7 10.Nxd7 Nxd7 11.Nd2 O-O 12.O-O b5 13.Re1 bxc4 14.bxc4 Nb6 15.c5 Nc4
16.e4 Nxd2 17.Qxd2 dxe4 18.Bxe4 Qd7 19.Qc2 f5 20.Bg2 Bc4 21.Rad1 Bf6 22.Bd2 Bd5
23.Bf4 Bxg2 24.Kxg2 Qd5+ 25.Kg1 Rae8 26.Be5 Rf7 27.Rd3 Rb7 28.a3 Rd7 29.Bd6 Rb7
30.Red1 Rd8  1/2-1/2

[Event "Corfu op"]
[Site "Corfu"]
[Date "1991.??.??"]
[Round "3"]
[White "Grivas, Efstratios"]
[Black "Nikolaidis, Konstantinos"]
[Result "1-0"]
[WhiteElo "2425"]
[BlackElo "2245"]

1.d4 Nf6 2.c4 e6 3.Nf3 b6 4.g3 Ba6 5.Qa4 c6 6.Nc3 d5 7.cxd5 exd5 8.Bg5 Be7
9.Bg2 O-O 10.Bxf6 Bxf6 11.O-O Re8 12.Rfe1 Bb7 13.e4 dxe4 14.Nxe4 Be7 15.Ne5 Kf8
16.Nc5 Bxc5 17.dxc5 f6 18.Nxc6 Nxc6 19.Bxc6 Bxc6 20.Qxc6 Qd2 21.Red1 Qxb2
22.Qd6+ Kg8 23.Qd5+ Kf8 24.c6 Qe5 25.Qf3 Qe4 26.Qa3+ Qe7 27.Qa6 Red8 28.Re1 Qc7
29.Re6 Re8 30.Rae1 Rxe6 31.Rxe6 Rd8 32.h4 Rd1+ 33.Kg2 Rd4 34.Qb7 Rd7 35.Qa6 Re7
36.Qa3 Kf7 37.Rd6 Ke8 38.Qd3 Re5 39.Kh2 h6 40.Qg6+ Kf8 41.Rd7  1-0

[Event "NLD-ch sf"]
[Site "Enschede"]
[Date "1991.??.??"]
[Round "5"]
[White "Van Gisbergen, Stan"]
[Black "Pliester, Leon"]
[Result "1-0"]
[WhiteElo "2280"]
[BlackElo "2400"]

1.d4 Nf6 2.c4 e6 3.Nf3 b6 4.g3 Ba6 5.b3 Bb4+ 6.Bd2 Be7 7.Bg2 c6 8.Bc3 d5
9.Nbd2 O-O 10.O-O Nbd7 11.Re1 b5 12.c5 Ne4 13.Bb2 b4 14.Qc2 f5 15.Nxe4 fxe4
16.Ne5 Nxe5 17.dxe5 Rf7 18.Bd4 Qf8 19.Bh3 Bc8 20.Bg4 g6 21.f4 h5 22.Bh3 Qh6
23.e3 g5 24.a3 Rg7 25.fxg5 Bxg5 26.axb4 Rb8 27.Qd2 h4 28.g4 Rf7 29.Rf1 Rxf1+
30.Bxf1 Rb7 31.b5 cxb5 32.c6 Rf7 33.Rxa7 Rf3 34.Ra8 Qf8 35.Be2 Rf7 36.Bxb5 Kh7
37.Ra1 h3 38.Rf1 Bh4 39.Rxf7+ Qxf7 40.Bf1 Qf3 41.Qe2  1-0

[Event "Espoo op"]
[Site "Espoo"]
[Date "1991.??.??"]
[Round "3"]
[White "Manninen, Marko"]
[Black "Kostyra, Stanislaw"]
[Result "0-1"]
[WhiteElo "2310"]
[BlackElo "2315"]

1.d4 Nf6 2.c4 e6 3.Nf3 b6 4.g3 Ba6 5.b3 d5 6.Bg2 dxc4 7.Ne5 Bb4+ 8.Kf1 Bd6
9.Nxc4 c6 10.Nxd6+ Qxd6 11.Ba3 Qd7 12.Nc3 h5 13.h4 Bb7 14.e4 e5 15.dxe5 Qxd1+
16.Nxd1 Ng4 17.f4 c5 18.Bf3 Nc6 19.Bxg4 hxg4 20.Ne3 Nd4 21.Nc4 O-O 22.Nd6 Ba6+
23.Kf2 Nc2 24.Bb2 Nxa1 25.Rxa1 Rfd8 26.f5 Rd7 27.Ke3 Rad8 28.Rd1 f6 29.Rd2 Bb7
30.Kf4 Bc6 31.Bc3 Kf8 32.h5 Ke7 33.h6 fxe5+ 34.Bxe5 gxh6 35.f6+ Ke6 36.f7 h5
37.Nc8 Rxf7+  0-1

[Event "FIN-chT"]
[Site "FIN"]
[Date "1991.??.??"]
[Round "?"]
[White "Kanko, Ilkka"]
[Black "Hentunen, Asko"]
[Result "1-0"]
[WhiteElo "2310"]
[BlackElo "2275"]

1.d4 Nf6 2.c4 e6 3.Nf3 b6 4.g3 Ba6 5.Qa4 c6 6.Nc3 Qc8 7.Bg2 Qb7 8.O-O b5
9.Qc2 bxc4 10.e4 d5 11.Re1 Be7 12.Rb1 O-O 13.b3 cxb3 14.Rxb3 Qc8 15.Ba3 Bxa3
16.Rxa3 Nbd7 17.e5 Ne8 18.Ng5 g6 19.Bh3 Ng7 20.Rc1 Bc4 21.Qd2 c5 22.Nce4 cxd4
23.Qxd4 Qd8 24.Rxc4 dxc4 25.Qxd7 Qb6 26.Nf6+ Kh8 27.Nxf7+ Rxf7 28.Qxf7 Rd8
29.Rxa7 Rd1+ 30.Bf1 Rxf1+ 31.Kxf1  1-0

[Event "Gausdal Int"]
[Site "Gausdal"]
[Date "1991.??.??"]
[Round "2"]
[White "Wegner, Hannu"]
[Black "Arkhipov, Sergey"]
[Result "1-0"]
[WhiteElo "2425"]
[BlackElo "2510"]

1.d4 Nf6 2.c4 e6 3.Nf3 b6 4.g3 Ba6 5.Qa4 Be7 6.Nc3 O-O 7.Bg2 c6 8.Bf4 Bb7
9.O-O d6 10.e4 Nbd7 11.e5 Ne8 12.exd6 Nxd6 13.Ne5 b5 14.Qc2 Rc8 15.c5 Nf5
16.Rad1 a6 17.Ne4 Nf6 18.Nxf6+ Bxf6 19.Qe4 Re8 20.Rfe1 Qa5 21.a3 Red8 22.Nxf7 Nxd4
23.Nxd8 Rxd8 24.Be5  1-0

[Event "Arnold Cup"]
[Site "Gausdal"]
[Date "1991.??.??"]
[Round "4"]
[White "Hartman, Christer"]
[Black "Stohl, Igor"]
[Result "1/2-1/2"]
[WhiteElo "2345"]
[BlackElo "2550"]

1.d4 Nf6 2.c4 e6 3.Nf3 b6 4.g3 Ba6 5.Qa4 Bb7 6.Bg2 c5 7.O-O cxd4 8.Nxd4 Bxg2
9.Kxg2 Qc8 10.Nc3 Nc6 11.Nxc6 Qxc6+ 12.Qxc6 dxc6 13.Rd1 Bb4 14.Bd2 O-O-O
15.a3 Bc5 16.Be1 Ng4 17.Ne4 Bd4 18.Rd2 f5 19.Rad1 e5 20.Nc3 Nf6  1/2-1/2

[Event "Gausdal Int"]
[Site "Gausdal"]
[Date "1991.??.??"]
[Round "6"]
[White "Tisdall, Jonathan D"]
[Black "Vladimirov, Evgeny"]
[Result "1/2-1/2"]
[WhiteElo "2435"]
[BlackElo "2580"]

1.d4 Nf6 2.c4 e6 3.Nf3 b6 4.g3 Ba6 5.Qa4 Bb7 6.Bg2 c5 7.dxc5 Bxc5 8.Nc3 O-O
9.O-O Be7 10.Bf4 Nh5 11.Bxb8 Bc6 12.Qd1 Qxb8 13.e4 g6 14.Qe2 a6 15.Nd4 Bb7
16.Rac1 Qc7 17.Rfd1 Rac8 18.Qe3 d6 19.Bh3 Qc5 20.Nd5 Rce8 21.b4 Qc8 22.Nxb6 Qc7
23.c5 dxc5 24.bxc5 Rd8 25.Nb3 Rxd1+ 26.Rxd1 Nf6 27.Bg2 Bc6 28.Nc4 Ba4 29.Nd6 Nd7
30.e5 Bxb3 31.axb3 Qxc5 32.Qxc5 Nxc5 33.b4  1/2-1/2

[Event "Gausdal Int"]
[Site "Gausdal"]
[Date "1991.??.??"]
[Round "6"]
[White "Murugan, Krishnamoorthy"]
[Black "Arkhipov, Sergey"]
[Result "0-1"]
[WhiteElo "2395"]
[BlackElo "2510"]

1.d4 Nf6 2.c4 e6 3.Nf3 b6 4.g3 Ba6 5.b3 Bb4+ 6.Bd2 Be7 7.Bg2 c6 8.Bc3 d5
9.Ne5 Nfd7 10.Nxd7 Nxd7 11.Nd2 O-O 12.O-O Rc8 13.Re1 f5 14.e3 Nf6 15.a3 Bd6
16.Bb4 Rf7 17.Bxd6 Qxd6 18.Nf3 Rfc7 19.Ne5 c5 20.cxd5 Nxd5 21.Qd2 Nf6 22.Red1 cxd4
23.Qxd4 Qxd4 24.Rxd4 Rc1+ 25.Rd1 Rxa1 26.Rxa1 Rc3 27.b4 Bb5 28.a4 Be8 29.b5 Kf8
30.Nc6 Bxc6 31.Bxc6 a5 32.h3 Ke7 33.Rd1 Rc4 34.Rd4 Rxd4 35.exd4 Kd6 36.Kf1 e5
37.dxe5+ Kxe5 38.Ke2 Ne4 39.f4+ Kd4 40.Bd7 g6 41.Kf3 Nc5 42.Be8 Nxa4  0-1

[Event "Arnold Cup"]
[Site "Gausdal"]
[Date "1991.??.??"]
[Round "9"]
[White "Engqvist, Thomas"]
[Black "Karason, Askell O"]
[Result "0-1"]
[WhiteElo "2355"]
[BlackElo "2250"]

1.d4 Nf6 2.c4 e6 3.Nf3 b6 4.g3 Ba6 5.b3 Bb7 6.Bg2 Bb4+ 7.Bd2 c5 8.O-O O-O
9.Bxb4 cxb4 10.Qd3 d6 11.Nbd2 Nbd7 12.e4 e5 13.Ne1 Re8 14.Nc2 a5 15.Ne3 exd4
16.Qxd4 Nc5 17.f3 Qc7 18.Nf5 Rad8 19.Rad1 a4 20.Kh1 Re5 21.Ne3 Ne6 22.Qb2 Ra5
23.Nd5 Nxd5 24.cxd5 Nc5 25.Qd4 axb3 26.axb3 Ba6 27.Rg1 Nd3 28.Nb1 Nc5 29.Nd2 Ra3
30.Qxb4 Nd3 31.Qd4 Qc5 32.Qxc5 bxc5 33.Rgf1 Ra2 34.Ra1 Rxd2 35.Rxa6 Nb4 36.Ra5 f5
37.Bh3 g6 38.exf5 Nxd5 39.fxg6 hxg6 40.Be6+ Kg7 41.Ra7+ Kh6 42.Re1 Nc3 43.Bf7 Nb5
44.Rae7 Nd4 45.f4 Ra8 46.b4 cxb4 47.g4 Nf3 48.R7e2 Nxe1 49.Rxd2 Rf8 50.Bd5 Rxf4
51.h3 Kg5 52.Bg2 Kh4 53.Rd1 Nxg2 54.Kxg2 b3 55.Rxd6 Rb4 56.Rd1 b2 57.Rb1 Rb3
58.Kf1 Kxh3 59.g5 Kg4 60.Ke2 Kxg5 61.Kd2 Rf3 62.Rg1+ Kf5 63.Kc2 Rf2+ 64.Kb1 g5  0-1

[Event "Gelsenkirchen"]
[Site "Gelsenkirchen"]
[Date "1991.??.??"]
[Round "?"]
[White "Pichler, Juergen"]
[Black "Vyzmanavin, Alexey"]
[Result "1/2-1/2"]
[WhiteElo "2425"]
[BlackElo "2605"]

1.d4 Nf6 2.Nf3 e6 3.c4 b6 4.g3 Ba6 5.b3 Bb4+ 6.Bd2 Be7 7.Bg2 c6 8.Bc3 d5
9.Ne5 Ne4 10.O-O Nxc3 11.Nxc3 O-O 12.cxd5 cxd5 13.Re1 Bb7 14.Qd2 Nd7 15.Nd3 Nf6
16.Qb2 Rc8 17.e3 Ba6 18.Bf1 Qd6 19.Ne5 Bxf1 20.Kxf1 a6 21.a4 Rc7 22.Rec1 Rfc8  1/2-1/2

[Event "Gelsenkirchen"]
[Site "Gelsenkirchen"]
[Date "1991.??.??"]
[Round "?"]
[White "Zueger, Beat"]
[Black "Pichler, Juergen"]
[Result "0-1"]
[WhiteElo "2425"]
[BlackElo "2425"]

1.c4 e6 2.Nf3 Nf6 3.d4 b6 4.g3 Ba6 5.b3 Bb4+ 6.Bd2 Be7 7.Nc3 d5 8.cxd5 exd5
9.Bg2 O-O 10.O-O c6 11.Qc2 Nbd7 12.Rfd1 Rc8 13.Bh3 Bd6 14.Bg5 Rc7 15.e4 h6
16.e5 hxg5 17.exd6 Rb7 18.Nxg5 Qb8 19.Re1 Qxd6 20.Re3 Rd8 21.Bxd7 Qxd7 22.Rf3 Qg4
23.h4 Qxd4 24.Re1 g6 25.Rf4 Bd3 26.Qd2 Ne4 27.Ngxe4 dxe4 28.Nxe4 Bxe4 29.Qxd4 Rxd4
30.Rfxe4 Rd2 31.R4e2 Rbd7 32.Kg2 c5 33.f3 a5 34.Kf2 a4 35.Rxd2 Rxd2+ 36.Re2 Rd4
37.bxa4 Rb4 38.Rb2  0-1

[Event "GER CupT"]
[Site "GER"]
[Date "1991.??.??"]
[Round "?"]
[White "Blagojevic, Dragisa"]
[Black "Dautov, Rustem"]
[Result "1/2-1/2"]
[WhiteElo "2425"]
[BlackElo "2570"]

1.d4 Nf6 2.c4 e6 3.Nf3 b6 4.g3 Ba6 5.b3 d5 6.cxd5 exd5 7.Bg2 Bb4+ 8.Bd2 Bd6
9.Nc3 O-O 10.O-O Nbd7 11.Re1 Re8 12.Nh4 c6 13.e4 dxe4 14.Nxe4 Nxe4 15.Rxe4 Nf6
16.Rxe8+ Qxe8 17.Qf3  1/2-1/2

[Event "GER CupT"]
[Site "GER"]
[Date "1991.??.??"]
[Round "?"]
[White "Hulak, Krunoslav"]
[Black "Aseev, Konstantin N"]
[Result "1/2-1/2"]
[WhiteElo "2520"]
[BlackElo "2515"]

1.d4 Nf6 2.c4 e6 3.Nf3 b6 4.g3 Ba6 5.b3 Bb4+ 6.Bd2 Be7 7.Nc3 Bb7 8.Bg2 O-O
9.O-O d5 10.cxd5 exd5 11.Bc1 Na6 12.Bb2 c5 13.Rc1 Ne4 14.dxc5 Nxc3 15.Bxc3 bxc5
16.Qd3 Qb6 17.e3 Nc7 18.Rfd1 Rfd8 19.Qf5 a5 20.Ne5 f6 21.Nd3 Bc8 22.Qh5 Be6
23.Nf4 Bf7 24.Qf5 g6 25.Qc2 Ra7 26.h4 d4 27.exd4 cxd4 28.Bb2 Nb5 29.Qe4 f5
30.Qe2 Bb4 31.Rc6 Qb8 32.h5 Re7 33.Qd3 g5 34.Qxf5 gxf4 35.Qg5+ Kf8 36.Qh6+ Kg8
37.Qg5+ Kf8 38.Qh6+ Kg8 39.Qg5+  1/2-1/2

[Event "Gjovik m"]
[Site "Gjovik"]
[Date "1991.??.??"]
[Round "2"]
[White "Agdestein, Simen"]
[Black "Karpov, Anatoly"]
[Result "0-1"]
[WhiteElo "2590"]
[BlackElo "2730"]

1.d4 Nf6 2.c4 e6 3.Nf3 b6 4.g3 Ba6 5.b3 Bb4+ 6.Bd2 Be7 7.Nc3 O-O 8.e4 d5
9.cxd5 Bxf1 10.Kxf1 exd5 11.e5 Ne4 12.Kg2 Qd7 13.Qe2 Nxc3 14.Bxc3 c5 15.Rhe1 Qe6
16.Ng1 Nc6 17.dxc5 d4 18.Bd2 Bxc5 19.Qe4 Rfe8 20.f4 Rad8 21.Nf3 d3 22.Ng5 Qd5
23.Rac1 Nd4 24.b4 Be7 25.Qxd5 Rxd5 26.Nf3 Nc2 27.Re4 b5 28.Ne1 Bxb4 29.Bxb4 d2
30.Bxd2 Rxd2+ 31.Kh3 f5 32.Nf3 Rf2 33.Rd4 Nxd4 34.Nxd4 g6 35.Nxb5 Rb8 36.a4 h6
37.Rc6 Rb6 38.Rc8+ Kg7 39.Rc7+ Kf8 40.Rc8+ Ke7 41.Rc7+ Kd8 42.Rxa7 g5 43.Ra8+ Ke7
44.Ra7+ Kf8 45.Ra8+ Kg7 46.Ra7+ Kg6 47.g4 fxg4+ 48.Kxg4 Rxf4+ 49.Kg3 Re4  0-1